000 00394nam a2200145 a 4500
005 20140412111310.0
008 001220s19uu xx 00 eng d
050 _aER
_bGo56 1987
100 _aKeats, Ezra Jack
245 _aGoggles! /
_cEzra Jack Keats.
260 _aNew York :
_bAladdin Paperbacks,
_c1987.
300 _a1 v. (unp.) ; ill.
650 _aGoggles -- Fiction
999 _c103960
_d103960